Statistics for FNAF Songs

Click here to take the quiz!

General Stats

  • This quiz has been taken 529 times
  • The average score is 6 of 38

Answer Stats

LyricsSong% Correct
An imposter took our life away now we're stuck here to decayFive Nights At Freddys
52%
Your mechanical parts tick sounds like when I broke your bonesDie In A Fire
43%
I wish that I could live, but I fear I've gone to farAfton Family
42%
I'm getting sick from these apologies from people with priorities that their life matters so much more than mineI Got No Time
40%
The closet, Whoops, I wouldn't run over cause Foxy's inside yet he seems out of orderBreak My Mind
33%
Put your mask on cause now the fun is starting, don't keep it on long it ain't fooling FoxyFive More Nights
30%
We have alot more in common then you would be calm with it's like we're the same person me and youI Cant Fix You
28%
Don't be scared of what will happen (happen), we're just having fun and dancing (dancing)Funtime Dance Floor
23%
You should heed the warnings of the voice that's on the phone, tonight you might be by yourself but you are not aloneIts Me
22%
I'm so glad to have another member of the band, you're one of us now so let me take you by the handSurvive The Night
22%
They tore me apart, they used me for partsThe Bonnie Song
22%
Now don't get me wrong you were very brave, when faced with friendly singing animals you never cavedJust Gold
21%
Every sin I've committed reflects in my death, left to decay can you smell me yetAnother Five Nights
20%
Prepare for the horrors, this night will keep repeating over and over and over untill you make it to the endNever Be Alone
17%
Everyone please stay in your seats, the show will begin momentarilyLeft Behind
16%
I'm a snake of lies poisoning your life you only want to take us down with a big old scoop of pain and strifeCrawling
15%
Leave me alone, I'm caught to the bone, the Springtrap has arisen god dam'n hes not aloneIm The Purple Guy
14%
Things haven't been the same since my birthday, we went to Fazbear's that was the worst dayWe Dont Bite
14%
I've done some things in my life that you may think are crazy, a little different from the rest I get my pleasure from the painPurple
13%
Bring you down here in the dead of night, keep you working try to survive, we are secretly watching you, trying our best to get at youYou Cant Hide
13%
Once two souls had such grand goalsDrawn To The Bitter
11%
Just be careful about what you buy you never know what's hiding insideLabyrinth
11%
Welcome to the Five Nights at Freddys experience, for your safety, for the children's safety, and for those aroundRun Run
11%
Tonight we roam and if they listen really close they can hear us sing our song, la la la laThe Puppet Song
11%
We can not tell you apart so we'll stuff you in a suit then, are you the new security guard or a metal endoskeletonCan You Survive
10%
Just sleep just dream, just sleep just dreamNightmare
10%
I don't like this, they all give on trying to fix me everydayThe Mangle Song
9%
My name is Eggs Benedict, but I won't be working the breakfast shift (My Fav Song)You Belong Here
8%
You will be scared an unprepared for what I have instore for youLet Me Through
6%
How beautiful the Night can be, I'm never getting any sleep, I'm losing all my sanity, have you seen what I've seenMemory
6%
You are never going back, cause you got springtraped, you are never going back, cause you got springtrapedSpringtrap Finale
5%
We're back at it, at it again, here for the kill, not here to make friendsTrust Me
5%
Welcome to Fazbear's Fright, the new attractionFive Nights Only
4%
There is a bear who bares no introduction, and a chick who's thick from reconstruction, there's a bun who's gunning for the air shaft, and a fox who gawked behind an eyepatchTheyll Find You
3%
Gears grind springlocks are unwound, bloddy belt spinning 'round 'roundNightmare By Design
2%
Building a coffin from confetti and confessions maybe there will be a lesson in the rubble when it's throughNothing Remains
1%
Don't fear whats coming we can't fight off the urge inside, it's dark and you're afraid of the devils that come out at nightSweet Dreams
1%
Five nights end when you've had enough, say goodbye when the curtain falls, funtime having a big party, slit your throat and I watch you bleedWhen The Curain Falls
0%

Score Distribution

Percentile by Number Answered

Percent of People with Each Score

Your Score History

You have not taken this quiz